000 01381ntm a22002777a 4500
999 _c346164
_d346164
003 BLK
005 20240730163731.0
008 191024b bu ||||| ||||||0| | bu d
040 _aBLK
041 _aBUL
_cBUL
080 _aПедагогическо ръководство от възпитателни органи - дирекция, инспекторат, училищно ръководство
_b371.11
_z371.11
100 _aСмядовски, Димо
_eпърви автор
_91299
245 _aЖивотоописанието на Димо Петров Смядовски
_bРъкопис : Тетрадка 2
_pПродължение
260 _aРусе
_c1940
300 _c20 см
380 _a3
490 _9396381
_aЧастна колекция - Академик Михаил Арнаудов
_gДарение - Основен фонд
505 _tДатиране: гр. Русе, 1/VІІІ 1940 год. Подпис: Димо Смядовски
600 1 4 _aСмядовски, Димо Петров
_cучител и общественик, автор на материали върху историята на Русе
_d(1860 - 1944)
_9121823
760 _hс. 41-92 с.
_oТетрадка 2
_tПродължение
852 _aМА 5044
856 _i0.00
_ldisable
942 _2udc
_cMNS
_n0
_s1
999 _d346164
999 _d346163
944 _k30540
_lСевдалина Тодорова